000 00458nam a2200181Ia 4500
008 240925s9999 xx 000 0 und d
020 _a9789352865611
082 _a658.8 KOT
100 _aKotler, Philip
245 0 _aPrinciples of Marketing
250 _a17th
260 _aUttar Pradesh:
_bPearson Education Inc
_c,2018.
300 _a357p.
_b0
_fOriginal
500 _aIncludes Index
600 _aManagement
650 _aManagement
942 _cBK
999 _c14892
_d14892